000 01032nam a2200181Ia 4500
008 151202s9999||||xx |||||||||||||| ||und||
082 _bPNVM-1584
100 _aराजवाडे वि. का.
245 _a"मराठ्यांच्या इतिहासाची साधने, भाग 13-14, रायरीकर खाजगीवाले यांचे दप्तर."
260 _b"तुकाराम जावजी , मुंबई."
260 _c0
300 _a0
600 _aराजवाडे वि. का.
630 _a"मराठ्यांच्या इतिहासाची साधने, भाग 13-14, रायरीकर खाजगीवाले यांचे दप्तर."
700 _aराजवाडे वि. का.
730 _a"मराठ्यांच्या इतिहासाची साधने, भाग 13-14, रायरीकर खाजगीवाले यांचे दप्तर."
942 _cBOOK
999 _c1267582
_d1267579